<<A>> légy képtelen természetrajz

Bibliographic Details
Main Author: Nagy, Lajos Zs., 1935-2005 (Author)
Other Authors: Deák, György (Illustrator)
Format: Article
Language:Hungarian
Slovak
PhysicalDescription:Obr.
ISSN:1335-6593
Subjects:

MARC

LEADER 00000nab a2200000 a 4500
001 vtls000844126
003 SK-MaSNL
005 20260303233040.0
008 160314c2003 xo 0 hun
015 |a SNBRB2003/09-23774 
035 |a CLN000195781 
040 |a SNKBUCL  |b slo  |c SNKBUCL  |e AACR2 
041 0 |a slo 
044 |a xo  |c SK 
080 |a 894.511-3=945.11  |2 UDC-MRF-SK2 
100 1 |a Nagy, Lajos Zs.,  |d 1935-2005  |4 aut  |9 107411 
245 1 0 |a <<A>> légy  |b képtelen természetrajz  |c Nagy Lajos ; illusztrálta Deák György 
300 |b Obr. 
650 0 7 |a prózy satirické maďarské  |2 snkbucl  |9 859063 
700 1 |a Deák, György  |4 ill  |9 679602 
773 0 |x 1335-6593  |t Tábortűz  |g Roč. 52, č. 10 (2003), s. 24 
850 |a Slovenská národná knižnica v Martine 
852 |a SNK  |b KIS3GCP 
958 |a HU 
958 |a LX 
958 |a RBX 
999 |c 2512913  |d 2514843